00371nam a2200133Ia 4500008004100000020001500041041001200056100001700068245007700085260003300162300000900195650001600204700001700220221030s9999 xx 000 0 und d a8126507829 aEnglish aM. Gunderloy 0aMastering TM Microsoft SQL Server TM 2005cby M. Gunderloy, J. L. Jorden bWilley Pub.aNew Delhic2008 a1028 aBE Computer aJ. L. Jorden